000 00301nam a22001337a 4500
008 170623b xxu||||| |||| 00| 0 eng d
020 _a015570740-X
041 _aeng
080 _a32
100 _a21
101 _aSHP
245 _aPOLITICS: A HANDBOOK FOR STUDENTS
_cWEISSBERG,R
942 _2udc
_cBK
999 _c19015
_d19015